000
00182 a2200097 4500
020
_a
9781505073010
041
_a
eng
100
_a
Anonimo
245
_a
Language Workbook
942
_c
K
999
_c
26159
_d
26159